000
00220 a2200109 4500
020
_a
9780060254377
041
_a
spa
100
_a
Kessler, Leonard
245
_a
Aqui viene el que Se Poncha!
942
_c
BK
952
_7
4
999
_c
24868
_d
24868